Puttock v Bexley LBC (Record no. 118210)

MARC details
000 -LEADER
fixed length control field 01680cam a2200265 4500
001 - CONTROL NUMBER
control field ABS68329
008 - FIXED-LENGTH DATA ELEMENTS--GENERAL INFORMATION
fixed length control field 041021n2004 000 0 eng u
035 ## - SYSTEM CONTROL NUMBER
System control number (Sirsi) u127792
245 ## - TITLE STATEMENT
Title Puttock v Bexley LBC
260 ## - PUBLICATION, DISTRIBUTION, ETC.
Date of publication, distribution, etc. 2004
490 ## - SERIES STATEMENT
Series statement Rating and Valuation Reporter
Volume/sequential designation [2004] RVR 216-128(3)
520 ## - SUMMARY, ETC.
Summary, etc. ACQ/101/2003, 19 April 2004. Claimant (P) sought compensation for injurious affection under the Compulsory Purchase Act 1965 s10 for the loss of freehold value of house due to breach of restrictive covenant. P claimed that the restrictive covenant restricting the use of land for non-residential development added 10% in value to property when he bought it. Some of the land surrounding the property including a part subject to the restrictive covenant had been acquired for a major town centre development. The restriction of the covenant having been over ridden by the local authority LT held that compensation payable for injurious affection was nil. Any claim for injurious affection under s10 of the 1965 Act was for diminution in value in the claimant's property caused by execution of the works, and the valuation date must be determined by reference to time of the works. Also notes that test of obsolescence of covenant had not been satisfied.
590 ## - LOCAL NOTE (RLIN)
Local note ABS
590 ## - LOCAL NOTE (RLIN)
Local note ABS
650 ## - SUBJECT ADDED ENTRY--TOPICAL TERM
Topical term or geographic name entry element PUTTOCK V BEXLEY LBC
650 ## - SUBJECT ADDED ENTRY--TOPICAL TERM
Topical term or geographic name entry element INJURIOUS AFFECTION
650 ## - SUBJECT ADDED ENTRY--TOPICAL TERM
Topical term or geographic name entry element COMPULSORY PURCHASE ACT 1965 S10
650 ## - SUBJECT ADDED ENTRY--TOPICAL TERM
Topical term or geographic name entry element COMPENSATION
650 ## - SUBJECT ADDED ENTRY--TOPICAL TERM
Topical term or geographic name entry element RESTRICTIVE COVENANTS
650 ## - SUBJECT ADDED ENTRY--TOPICAL TERM
Topical term or geographic name entry element DIMINUTION IN VALUE
650 ## - SUBJECT ADDED ENTRY--TOPICAL TERM
Topical term or geographic name entry element RESIDENTIAL PROPERTY
9 (RLIN) 6266
650 ## - SUBJECT ADDED ENTRY--TOPICAL TERM
Topical term or geographic name entry element Valuation
9 (RLIN) 6273
690 ## - LOCAL SUBJECT ADDED ENTRY--TOPICAL TERM (OCLC, RLIN)
Topical term or geographic name as entry element COMPULSORY PURCHASE AND COMPENSATION-CASE LAW
942 ## - ADDED ENTRY ELEMENTS (KOHA)
Suppress in OPAC 0
Holdings
Withdrawn status Lost status Source of classification or shelving scheme Damaged status Not for loan Home library Current library Shelving location Date acquired Total Checkouts Full call number Barcode Date last seen Copy number Price effective from Koha item type
    Dewey Decimal Classification     London London Journal article 21/10/2004   ABS68329 127792-1001 06/08/2019 1 06/08/2019 Law report